[Event "Asian Continental-ch Women 2019"]
[Site "XingTai"]
[Date "2019.06.12"]
[Round "6.23"]
[White "Zhai, Mo"]
[Black "Vaishali R"]
[Result "1-0"]
[WhiteElo "2358"]
[BlackElo "2338"]
[Annotator "NA"]
[PlyCount "141"]
[EventDate "2019.06.06"]
[EventType "swiss"]
[EventCountry "CHN"]
[SourceTitle "playchess.com"]
[Source "ChessBase"]
[SourceQuality "1"]
[TimeControl "40/5400+30:1800+30"]

1. d4 {[%emt 0:00:00]} Nf6 {[%emt 0:00:06]} 2. c4 {[%emt 0:00:00]} c5 {[%emt 0:00:05]} 3. d5 {[%emt 0:01:53]} b5 {[%emt 0:00:06]} 4. cxb5 {[%emt 0:04:11]} a6 {[%emt 0:00:05]} 5. e3 {[%emt 0:00:56]} axb5 {[%emt 0:00:07]} 6. Bxb5 {[%emt 0:00:28]} Qa5+ {[%emt 0:00:17]} 7. Nc3 {[%emt 0:00:05]} Bb7 {[%emt 0:00:05]} 8. e4 {[%emt 0:07:48]} Nxe4 {[%emt 0:01:13]} 9. Nge2 {[%emt 0:00:12]} e6 {[%emt 0:11:00]} 10. O-O {[%emt 0:13:23]} Be7 {[%emt 0:02:37]} 11. a4 {[%emt 0:08:01]} Nxc3 {[%emt 0:01:43]} 12. Nxc3 {[%emt 0:00:12]} O-O {[%emt 0:00:37]} 13. Re1 {[%emt 0:05:27]} Qc7 {[%emt 0:17:05]} 14. Qg4 {[%emt 0:04:13]} Bf6 {[%emt 0:28:06]} 15. Bf4 {[%emt 0:01:40]} Qb6 {[%emt 0:03:08]} 16. Qg3 {[%emt 0:12:06]} exd5 {[%emt 0:08:46]} 17. Bc7 {[%emt 0:06:24]} Qa7 {[%emt 0:00:14]} 18. a5 {[%emt 0:03:45]} Na6 {[%emt 0:02:19]} 19. Bd6 {[%emt 0:01:05]} Rfe8 {[%emt 0:06:43]} 20. Bxd7 {[%emt 0:04:26]} Rxe1+ {[%emt 0:00:57]} 21. Rxe1 {[%emt 0:00:02]} Nb4 {[%emt 0:00:24]} 22. Qe3 {[%emt 0:08:30]} h6 {[%emt 0:02:24]} 23. Bf5 {[%emt 0:00:42]} Bc6 {[%emt 0:04:26]} 24. Qxc5 {[%emt 0:03:26]} Qxc5 {[%emt 0:02:27]} 25. Bxc5 {[%emt 0:00:01]} Na6 {[%emt 0:00:52]} 26. Bb6 {[%emt 0:01:12]} d4 {[%emt 0:01:12]} 27. Ne4 {[%emt 0:01:44]} Bd8 {[%emt 0:03:41]} 28. Bxd4 {[%emt 0:01:17]} Bxa5 {[%emt 0:00:08]} 29. Rc1 {[%emt 0:01:36]} Bb7 {[%emt 0:00:56]} 30. Nd6 {[%emt 0:00:58]} Bd5 {[%emt 0:00:44]} 31. Rc8+ {[%emt 0:03:46]} Rxc8 {[%emt 0:00:06]} 32. Bxc8 {[%emt 0:00:04]} Nc7 {[%emt 0:01:39]} 33. Nf5 {[%emt 0:02:03]} Be6 {[%emt 0:00:59]} 34. Ne7+ {[%emt 0:01:47]} Kf8 {[%emt 0:00:23]} 35. Bc5 {[%emt 0:00:25]} Ke8 {[%emt 0:00:54]} 36. Bb7 {[%emt 0:00:21]} Bd2 {[%emt 0:00:33]} 37. h4 {[%emt 0:02:55]} Bf4 {[%emt 0:00:48]} 38. b4 {[%emt 0:00:34]} Be5 {[%emt 0:00:18]} 39. Nc6 {[%emt 0:00:32]} Bf6 {[%emt 0:00:20]} 40. g3 {[%emt 0:00:00]} Bd5 {[%emt 0:00:00]} 41. Na5 {[%emt 0:06:51]} Bxb7 {[%emt 0:08:01]} 42. Nxb7 {[%emt 0:00:02]} Kd7 {[%emt 0:00:07]} 43. Nd6 {[%emt 0:03:46]} Be7 {[%emt 0:01:04]} 44. Ne4 {[%emt 0:03:09]} Bxc5 {[%emt 0:00:39]} 45. Nxc5+ {[%emt 0:01:06]} Kc6 {[%emt 0:00:15]} 46. Kg2 {[%emt 0:02:42]} Kb5 {[%emt 0:00:41]} 47. Nd3 {[%emt 0:00:13]} Nd5 {[%emt 0:04:58]} 48. Kf3 {[%emt 0:04:32]} Nxb4 {[%emt 0:00:53]} 49. Ne5 {[%emt 0:03:27]} f6 {[%emt 0:00:24]} 50. Ng4 {[%emt 0:00:11]} Kc5 {[%emt 0:12:31]} 51. Ke4 {[%emt 0:00:11]} Kd6 {[%emt 0:00:23]} 52. Kf5 {[%emt 0:00:09]} Ke7 {[%emt 0:01:45]} 53. Kg6 {[%emt 0:00:09]} Kf8 {[%emt 0:00:01]} 54. Ne3 {[%emt 0:01:14]} Nd3 {[%emt 0:02:37]} 55. Nf5 {[%emt 0:00:47]} Nxf2 {[%emt 0:03:00]} 56. Nxg7 {[%emt 0:00:02]} Ne4 {[%emt 0:00:15]} 57. Nf5 {[%emt 0:00:44]} h5 {[%emt 0:00:35]} 58. Kxh5 {[%emt 0:00:22]} Kf7 {[%emt 0:00:07]} 59. Kh6 {[%emt 0:01:02]} Nf2 {[%emt 0:00:43]} 60. Kh7 {[%emt 0:01:19]} Ne4 {[%emt 0:01:02]} 61. Nh6+ {[%emt 0:03:05]} Ke6 {[%emt 0:01:11]} 62. g4 {[%emt 0:00:07]} Nd2 {[%emt 0:00:39]} 63. Kg7 {[%emt 0:00:56]} Nf3 {[%emt 0:00:19]} 64. Nf5 {[%emt 0:01:25]} Ke5 {[%emt 0:00:38]} 65. h5 {[%emt 0:01:10]} Ng5 {[%emt 0:00:29]} 66. h6 {[%emt 0:00:30]} Kf4 {[%emt 0:00:35]} 67. Nd6 {[%emt 0:00:11]} Kxg4 {[%emt 0:00:24]} 68. Nf7 {[%emt 0:01:27]} Ne6+ {[%emt 0:00:22]} 69. Kxf6 {[%emt 0:00:53]} Nf8 {[%emt 0:00:11]} 70. Kg7 {[%emt 0:00:09]} Ne6+ {[%emt 0:00:06]} 71. Kg8 {[%emt 0:00:05]} 1-0

[Event "Asian Continental-ch Women 2019"]
[Site "XingTai"]
[Date "2019.06.12"]
[Round "6.24"]
[White "Gomes, Mary Ann"]
[Black "Kurbonboeva, Sarvinoz"]
[Result "1-0"]
[WhiteElo "2314"]
[BlackElo "2259"]
[Annotator "TA"]
[PlyCount "159"]
[EventDate "2019.06.06"]
[EventType "swiss"]
[EventCountry "CHN"]
[SourceTitle "playchess.com"]
[Source "ChessBase"]
[SourceQuality "1"]

{[%evp 12,159,14,0,0,-33,72,75,89,72,87,6,16,11,18,6,45,50,58,16,44,16,16,20,15,0,8,-16,-31,-52,-9,-5,0,-6,0,-20,-22,-91,-91,-92,-57,-62,-60,-74,-73,-127,-83,-85,-43,-33,-26,-51,-37,-82,-18,-13,-14,-22,-23,-53,-29,-62,-55,-48,-27,-25,0,0,0,0,11,0,0,-20,-12,-89,-61,-56,23,19,36,19,37,25,25,16,11,8,9,13,276,276,257,243,531,534,529,516,509,480,467,452,443,230,411,411,882,782,956,977,984,876,2408,697,1261,1228,1058,988,812,714,29946,9852,29969,29970,29963,2691,2297,2014,1568,0,2041,1950,1361,131,29945,29957,6414,6397,5509,5401,29979,29980,29980,29981,29975,29982,29988,29989,29989,29990]} 1. Nf3 c5 2. g3 d5 3. c4 e6 4. Bg2 Nf6 5. b3 Be7 6. O-O Nc6 7. e3 e5 {A14: English Opening: 1...e6 with b3 by White} (7... O-O 8. Bb2 b6 9. Nc3 Bb7 10. d3 Qd7 11. Qe2 Rad8 12. Rfd1 d4 13. exd4 Nxd4 14. Nxd4 cxd4 15. Nb5 Bxg2 16. Kxg2 Bc5 17. b4 Bxb4 18. Nxd4 Be7 {½-½ (62) Gashimov,V (2734)-Wang,Y (2752) Astrakhan 2010}) 8. d3 e4 $146 (8... Be6 $15 {stays ahead.}) ({Predecessor:} 8... O-O 9. Bb2 d4 10. exd4 exd4 11. Na3 Bf5 12. Nc2 a5 13. a3 Qb6 14. Rb1 Qxb3 15. Nfe1 Qa4 16. Bc1 Nd8 17. h3 Qd7 18. g4 Nxg4 19. hxg4 Bxg4 {1-0 (33) Harsha,B (2363)-Parnali,S (2228) Douglas 2016}) 9. dxe4 $16 {[%cal Rc4d5]} dxc4 {White is better.} 10. Qxd8+ (10. Nc3 {with more complications.} Qxd1 11. Rxd1 cxb3 12. axb3 Be6 13. Ba3) 10... Bxd8 11. bxc4 ({Better is} 11. Nfd2 $16) 11... Nxe4 $11 {With the idea ...Bf6.} 12. Bb2 O-O 13. Nbd2 Nd6 14. Ne5 Na5 15. Bd5 Bf6 16. Bc3 (16. Nb3 $5 {[%cal Rb3a5]} Bxe5 17. Bxe5 Naxc4 18. Bxd6 Nxd6 19. Nxc5 $14) 16... Be6 17. Rac1 Rfe8 18. f4 Bd8 19. Bxa5 Bxa5 20. Nb3 Bb6 21. Rfd1 Rad8 22. Rd3 Bf5 23. Rd2 Kf8 24. Re1 (24. Kf2 $11) 24... f6 $1 $17 {[%cal Rf6e5]} 25. Nf3 Ne4 26. Bxe4 Bxe4 27. Rxd8 Rxd8 28. Nfd2 (28. Kf2 $142) 28... Bc6 29. Kf2 a5 30. Rb1 $1 Bc7 {Strongly threatening ...a4.} 31. Ke2 b6 32. Na1 f5 (32... Be8 $17 33. e4 g5 34. fxg5 Bh5+ 35. Ke3 fxg5) 33. Nc2 $11 Be8 34. Na3 Bh5+ 35. Ke1 Rd7 36. Nb5 Bd8 $1 37. Nc3 Rd3 38. Nd5 Ra3 39. Rb2 Ke8 40. Nb1 Ra4 41. Nd2 Bf7 42. Nc3 Rb4 43. Rxb4 (43. Rc2 $1 $11 {remains equal.}) 43... axb4 {[%mdl 4096] Endgame KBB-KNN} 44. Nb5 $1 Bh5 ({Black should try} 44... Kd7 $15) 45. Nd6+ Kd7 46. Nxf5 Bf6 47. e4 Bc3 48. Ne3 Kc6 49. e5 Bf7 50. Ke2 b5 $2 {[%mdl 8192]} (50... Bxd2 $1 $11 51. Kxd2 b5) 51. Ne4 $1 $18 Bd4 52. Nd6 bxc4 $2 (52... Bxc4+ {was called for.} 53. Ndxc4 (53. Nexc4 bxc4 54. Nxc4 h6 $16) 53... bxc4) 53. Nxf7 b3 54. axb3 cxb3 {...b2 is the strong threat.} 55. Nc4 b2 56. Nxb2 Bxb2 {KB-KN} 57. Kd3 (57. Nd6 $142 g6 58. Kd3) 57... Kd5 $2 (57... Bd4 58. Ke4 Bg1) 58. Nd6 Bd4 (58... Ba1 $142 59. Nc4 Bd4 60. Ne3+ Kc6) 59. Nf5 c4+ 60. Kc2 Bg1 61. Nxg7 Bxh2 62. Nh5 (62. e6 $142 Kd6 63. f5) 62... h6 63. Kc3 Bg1 64. Nf6+ Kc5 65. Ng4 h5 66. Nf6 h4 67. gxh4 Bh2 68. Nh5 (68. Kc2 $142 c3 69. h5 Bxf4 70. e6 Kd6 71. e7 Ke6 72. e8=Q+ Kxf6 73. Kxc3) 68... Kd5 69. Kc2 Ke6 70. Kc3 Kd5 {[#]} 71. Kd2 $1 {[%cal Rd2c3]} Ke6 72. Ke3 $2 (72. Ke2 $18 {is more deadly.} c3 73. Kd3) 72... c3 $2 {[%mdl 8192]} (72... Kf5 $16 73. Ke2 Ke6) 73. Kd3 Bg1 74. Ng7+ Kf7 {[#]} 75. Nf5 $1 {[%cal Rf5e3]} Ke6 76. Ne3 {White mates.} Bf2 77. h5 ({And not} 77. f5+ Kxe5 78. Kxc3 (78. Ng4+ Kxf5 79. Nxf2 Kg6 $11) 78... Bxe3 $11) 77... c2 78. Nxc2 Kf5 79. Nd4+ Kxf4 80. h6 {Accuracy: White = 57%, Black = 44%.} 1-0

[Event "Asian Continental-ch Women 2019"]
[Site "XingTai"]
[Date "2019.06.12"]
[Round "6.25"]
[White "Karavade, Eesha"]
[Black "Wang, Doudou"]
[Result "1-0"]
[WhiteElo "2370"]
[BlackElo "2188"]
[Annotator "NA"]
[PlyCount "81"]
[EventDate "2019.06.06"]
[EventType "swiss"]
[EventCountry "CHN"]
[SourceTitle "playchess.com"]
[Source "ChessBase"]
[SourceQuality "1"]
[TimeControl "40/5400+30:1800+30"]

1. Nf3 {[%emt 0:00:00]} c5 {[%emt 0:01:10]} 2. c4 {[%emt 0:00:20]} Nc6 {[%emt 0:00:33]} 3. Nc3 {[%emt 0:00:07]} g6 {[%emt 0:04:32]} 4. e3 {[%emt 0:00:16]} Bg7 {[%emt 0:00:19]} 5. d4 {[%emt 0:00:06]} cxd4 {[%emt 0:00:05]} 6. exd4 {[%emt 0:00:45]} d6 {[%emt 0:03:55]} 7. h3 {[%emt 0:02:18]} Nf6 {[%emt 0:01:38]} 8. d5 {[%emt 0:00:38]} Ne5 {[%emt 0:14:30]} 9. Nxe5 {[%emt 0:05:41]} dxe5 {[%emt 0:00:06]} 10. Be3 {[%emt 0:00:02]} O-O {[%emt 0:03:41]} 11. Be2 {[%emt 0:03:29]} Ne8 {[%emt 0:07:59]} 12. O-O {[%emt 0:03:32]} Nd6 {[%emt 0:01:36]} 13. Bd3 {[%emt 0:05:57]} Nf5 {[%emt 0:08:23]} 14. Bxf5 {[%emt 0:00:52]} gxf5 {[%emt 0:00:06]} 15. f3 {[%emt 0:00:26]} Kh8 {[%emt 0:08:34]} 16. Qd2 {[%emt 0:01:34]} f4 {[%emt 0:04:37]} 17. Bf2 {[%emt 0:02:43]} Rg8 {[%emt 0:01:11]} 18. Kh2 {[%emt 0:00:33]} Qd6 {[%emt 0:12:04]} 19. Bh4 {[%emt 0:07:38]} Bf8 {[%emt 0:07:28]} 20. Qf2 {[%emt 0:02:17]} a6 {[%emt 0:02:25]} 21. c5 {[%emt 0:01:08]} Qg6 {[%emt 0:01:00]} 22. Rad1 {[%emt 0:01:07]} Bd7 {[%emt 0:00:13]} 23. d6 {[%emt 0:09:29]} exd6 {[%emt 0:02:36]} 24. cxd6 {[%emt 0:04:01]} Rc8 {[%emt 0:00:20]} 25. Ne4 {[%emt 0:05:01]} Qf5 {[%emt 0:05:29]} 26. Rc1 {[%emt 0:03:31]} Rxc1 {[%emt 0:03:54]} 27. Rxc1 {[%emt 0:00:02]} Rg6 {[%emt 0:00:09]} 28. Rd1 {[%emt 0:01:23]} Kg7 {[%emt 0:01:39]} 29. Be7 {[%emt 0:04:54]} Bc6 {[%emt 0:03:07]} 30. Bxf8+ {[%emt 0:00:41]} Kxf8 {[%emt 0:00:01]} 31. Nc5 {[%emt 0:01:56]} Bd7 {[%emt 0:01:32]} 32. Nxd7+ {[%emt 0:03:37]} Qxd7 {[%emt 0:00:02]} 33. Qc5 {[%emt 0:00:08]} Re6 {[%emt 0:00:31]} 34. Qc7 {[%emt 0:01:32]} Ke8 {[%emt 0:00:02]} 35. Qb8+ {[%emt 0:00:26]} Qd8 {[%emt 0:00:03]} 36. d7+ {[%emt 0:00:10]} Ke7 {[%emt 0:00:01]} 37. Qxb7 {[%emt 0:00:12]} h6 {[%emt 0:02:13]} 38. Qe4 {[%emt 0:01:11]} Kf6 {[%emt 0:00:30]} 39. Rd5 {[%emt 0:00:29]} Kg7 {[%emt 0:00:33]} 40. Qf5 {[%emt 0:00:00]} Qh4 {[%emt 0:00:00]} 41. Qg4+ {[%emt 0:02:06]} 1-0

[Event "Asian Continental-ch Women 2019"]
[Site "XingTai"]
[Date "2019.06.13"]
[Round "7.18"]
[White "Kulkarni Bhakti"]
[Black "Sukandar, Irine Kharisma"]
[Result "0-1"]
[WhiteElo "2380"]
[BlackElo "2378"]
[Annotator "NA RC"]
[PlyCount "80"]
[EventDate "2019.06.06"]
[EventType "swiss"]
[EventCountry "CHN"]
[SourceTitle "playchess.com"]
[Source "ChessBase"]
[SourceQuality "1"]
[TimeControl "40/5400+30:1800+30"]

1. e4 {[%emt 0:00:00]} c5 {[%emt 0:00:17]} 2. c3 {[%emt 0:00:00]} Nf6 {[%emt 0:00:47]} 3. e5 {[%emt 0:00:22]} Nd5 {[%emt 0:00:16]} 4. Nf3 {[%emt 0:00:51]} e6 {[%emt 0:00:39]} 5. d4 {[%emt 0:00:31]} cxd4 {[%emt 0:00:15]} 6. cxd4 {[%emt 0:00:32]} d6 {[%emt 0:00:23]} 7. Bc4 {[%emt 0:01:55]} Nc6 {[%emt 0:00:39]} 8. a3 {[%emt 0:01:36]} Be7 {[%emt 0:00:35]} 9. O-O {[%emt 0:00:20]} O-O {[%emt 0:01:02]} 10. Qe2 {[%emt 0:01:04]} b6 {[%emt 0:04:27]} 11. b4 {[%emt 0:06:09]} Bb7 {[%emt 0:03:32]} 12. Ra2 {[%emt 0:06:15]} Rc8 {[%emt 0:03:54]} 13. Rc2 {[%emt 0:03:34]} a5 {[%emt 0:03:46]} 14. Bxd5 $11 {[%emt 0:16:43]} exd5 {[%emt 0:00:07]} 15. b5 {[%emt 0:01:56]} Na7 {[%emt 0:04:18]} 16. Nc3 {[%emt 0:02:03]} dxe5 {[%emt 0:02:35]} 17. Nxe5 {[%emt 0:01:09]} Bd6 {[%emt 0:01:21]} 18. Ng4 {[%emt 0:16:17]} Re8 {[%emt 0:09:04]} 19. Qd3 {[%emt 0:01:52]} Qh4 {[%emt 0:13:12]} 20. h3 {[%emt 0:00:49]} Bb8 {[%emt 0:07:17]} 21. Qf5 {[%emt 0:07:25]} Qd8 {[%emt 0:06:04]} 22. Ne3 {[%emt 0:13:47]} Qd6 {[%emt 0:01:31]} 23. g3 {[%emt 0:00:22]} Rcd8 {[%emt 0:03:35]} 24. a4 {[%emt 0:01:52]} Bc8 {[%emt 0:02:59]} 25. Qh5 {[%emt 0:00:36]} Be6 {[%emt 0:04:10]} 26. Bd2 {[%emt 0:04:00]} Qd7 {[%emt 0:03:33]} 27. Kh2 {[%emt 0:02:00]} Nc8 {[%emt 0:01:16]} 28. f4 {[%emt 0:01:13]} g6 {[%emt 0:01:57]} 29. Qf3 {[%emt 0:00:46]} Ne7 {[%emt 0:00:32]} 30. g4 {[%emt 0:01:20]} f5 {[%emt 0:02:35]} 31. g5 {[%emt 0:01:03]} Rc8 {[%emt 0:01:26]} 32. Rfc1 {[%emt 0:01:05]} Qd6 {[%emt 0:03:47]} 33. Ncxd5 {[%emt 0:05:23]} Nxd5 {[%emt 0:03:52]} 34. Rxc8 {[%emt 0:00:11]} Bxc8 {[%emt 0:04:09]} 35. Nxd5 {[%emt 0:01:31]} Bb7 {[%emt 0:00:30]} 36. Rc6 {[%emt 0:00:13]} Bxc6 {[%emt 0:00:33]} 37. bxc6 {[%emt 0:00:05]} Kf7 {[%emt 0:01:07]} 38. Nf6 {[%emt 0:01:29]} Qxd4 {[%emt 0:01:03]} 39. Bc1 {[%emt 0:00:35]} Re6 {[%emt 0:02:28]} 40. Nd7 {[%emt 0:00:00]} Bc7 {[%emt 0:00:00]} 0-1

[Event "Asian Continental-ch Women 2019"]
[Site "XingTai"]
[Date "2019.06.13"]
[Round "7.19"]
[White "Saduakassova, Dinara"]
[Black "Zhai, Mo"]
[Result "1-0"]
[WhiteElo "2458"]
[BlackElo "2358"]
[Annotator "TA"]
[PlyCount "85"]
[EventDate "2019.06.06"]
[EventType "swiss"]
[EventCountry "CHN"]
[SourceTitle "playchess.com"]
[Source "ChessBase"]
[SourceQuality "1"]

{[%evp 12,85,33,21,21,25,11,14,31,16,16,0,15,21,26,25,44,42,27,35,59,6,29,48,64,61,80,42,81,58,79,79,68,75,61,70,79,62,124,125,147,129,123,101,223,216,234,231,255,170,172,139,167,147,145,145,141,80,329,335,329,323,329,210,316,320,288,246,746,747,1155,1136,464,812,668,650]} 1. c4 $146 ({Predecessor:} 1. Nf3 d5 2. d4 Nf6 3. c4 e6 {½-½ (41) Van Wely,L (2622)-Cheparinov,I (2711) Germany 2018}) 1... Nf6 2. Nf3 e6 3. g3 d5 4. d4 Be7 5. Bg2 O-O 6. O-O dxc4 7. Qc2 b6 {E05: Open Catalan: 5 Nf3 Be7} 8. Bg5 Nd5 9. Bxe7 Qxe7 {The position is equal.} 10. Nbd2 b5 11. b3 c3 12. Ne4 b4 $1 13. a3 Nc6 14. axb4 Ncxb4 15. Qc1 c2 16. Nc5 (16. Ne1 $14) 16... a5 17. Qd2 Bd7 18. Ne1 Bc6 19. Nxc2 e5 20. Nd3 Nxc2 21. Qxc2 Nb4 22. Nxb4 Bxg2 23. Kxg2 axb4 24. Qe4 $36 {[%mdl 2048] White has good play.} Rae8 (24... Ra3 $14) 25. d5 $1 $16 Qd6 26. Ra4 Rd8 27. Rd1 c6 {[#]} (27... Qc5 $16 {was necessary.}) 28. Ra6 $1 $18 ({Less strong is} 28. Qxb4 cxd5 29. Qxd6 Rxd6 $14) 28... Rc8 {[#] If Black can now play ...cxd5 this consolidates a bit.} 29. Qc4 $1 Rfd8 30. e4 Qd7 31. Qxb4 h5 32. h3 cxd5 33. Rxd5 Qc7 34. Raa5 (34. Qd2 $142) 34... Qc2 $2 (34... Rxd5 $16 35. exd5 (35. Rxd5 f6 $16) 35... g6) 35. Rxd8+ ({Resist} 35. Rxe5 $6 Qd3 $18) 35... Rxd8 36. Rxe5 {[%mdl 4096] Endgame KQR-KQR} g6 37. Qc4 Qb2 (37... Qxc4 $142 38. bxc4 Rd4 39. Re8+ Kg7) 38. Rd5 Rb8 39. Rd6 {And now Rxg6+ would win.} Qg7 $2 (39... Qxb3 40. Rxg6+ Kh7 41. Qxb3 Rxb3) 40. Qd5 {White is clearly winning.} Re8 41. Rd8 Rxd8 42. Qxd8+ Kh7 43. Qe7 {Accuracy: White = 70%, Black = 36%.} 1-0

[Event "Asian Continental-ch Women 2019"]
[Site "XingTai"]
[Date "2019.06.13"]
[Round "7.20"]
[White "Munguntuul, Batkhuyag"]
[Black "Li, Xueyi"]
[Result "1-0"]
[WhiteElo "2420"]
[BlackElo "2305"]
[Annotator "NA RC"]
[PlyCount "83"]
[EventDate "2019.06.06"]
[EventType "swiss"]
[EventCountry "CHN"]
[SourceTitle "playchess.com"]
[Source "ChessBase"]
[SourceQuality "1"]
[TimeControl "40/5400+30:1800+30"]

1. e4 {[%emt 0:00:00]} c6 {[%emt 0:00:00]} 2. Nc3 {[%emt 0:00:00]} d5 {[%emt 0:00:00]} 3. Nf3 {[%emt 0:00:00]} Nf6 {[%emt 0:00:35]} 4. e5 {[%emt 0:00:00]} Ne4 {[%emt 0:00:13]} 5. Ne2 {[%emt 0:00:04]} Qb6 {[%emt 0:00:20]} 6. d4 {[%emt 0:00:17] B11: Caro-Kann: Two Knights Variation} e6 {[%emt 0:00:46]} 7. Ng3 {[%emt 0:01:14]} c5 {[%emt 0:06:05]} 8. Bd3 {[%emt 0:04:03]} Nxg3 {[%emt 0:08:59]} 9. hxg3 {[%emt 0:01:25]} cxd4 {[%emt 0:00:12]} 10. g4 {[%emt 0:01:37]} (10. Ng5 Nc6 11. Nxh7 Bd7 12. Qe2 O-O-O 13. O-O {0-1 (30) Mamedov,R (2703)-Piorun,K (2634) St Petersburg 2018}) 10... Nc6 {[%emt 0:00:43]} 11. a3 {[%emt 0:04:18]} Bd7 {[%emt 0:01:06]} 12. Qe2 {[%emt 0:02:30]} Be7 $146 {[%emt 0:17:03]} ({Predecessor:} 12... O-O-O 13. g5 {½-½ (41) Tanaka,T (2054)-Itkin,D (2239) Quebec 2018}) 13. g5 {[%emt 0:20:18]} O-O-O {[%emt 0:02:21]} 14. Bd2 {[%emt 0:02:40]} f6 {[%emt 0:07:54]} 15. O-O-O {[%emt 0:02:31]} Kb8 {[%emt 0:11:34]} (15... Rdf8 $11) 16. gxf6 {[%emt 0:10:31]} gxf6 {[%emt 0:00:07]} 17. exf6 {[%emt 0:00:23]} Bxf6 {[%emt 0:00:12]} 18. Bf4+ {[%emt 0:00:08]} Ka8 {[%emt 0:00:05]} 19. Ne5 {[%emt 0:01:04]} Na5 {[%emt 0:05:53]} 20. Rh6 {[%emt 0:04:17]} Rhf8 $16 {[%emt 0:04:34]} 21. Rxf6 {[%emt 0:08:59]} Rxf6 {[%emt 0:00:33]} 22. Bg5 {[%emt 0:00:01]} Rff8 {[%emt 0:01:58]} 23. Bxd8 {[%emt 0:00:08]} Rxd8 {[%emt 0:00:08]} 24. Bxh7 {[%emt 0:00:42]} Nc4 {[%emt 0:03:23]} 25. Nxc4 {[%emt 0:01:47]} dxc4 {[%emt 0:00:06]} 26. Qxc4 {[%emt 0:01:08]} Bb5 {[%emt 0:00:20]} 27. Qb3 {[%emt 0:00:51]} Qc6 {[%emt 0:00:50]} 28. f3 {[%emt 0:01:11]} a6 {[%emt 0:04:08]} 29. Be4 {[%emt 0:06:16]} Qd7 {[%emt 0:02:03]} 30. g4 {[%emt 0:06:48]} Rc8 {[%emt 0:02:59]} 31. Kb1 {[%emt 0:00:45]} e5 {[%emt 0:06:01]} 32. Bf5 {[%emt 0:02:44]} Qc7 {[%emt 0:00:29]} 33. Bxc8 {[%emt 0:00:04]} Qxc8 {[%emt 0:00:04]} 34. Qd5 {[%emt 0:01:26]} Qc7 {[%emt 0:07:24]} 35. Re1 {[%emt 0:00:39]} Ba4 {[%emt 0:00:31]} 36. Qe4 {[%emt 0:04:41]} Qc4 {[%emt 0:03:19]} 37. g5 {[%emt 0:00:45]} Bc6 {[%emt 0:01:06]} 38. Qd3 {[%emt 0:00:54]} Qd5 {[%emt 0:01:18]} 39. g6 {[%emt 0:02:21]} Bb5 {[%emt 0:01:18]} 40. Qe4 {[%emt 0:00:00]} Qd7 {[%emt 0:00:00]} 41. Rh1 {[%emt 0:02:13]} Bc4 {[%emt 0:05:54]} 42. Qxe5 {[%emt 0:01:24]} 1-0

[Event "Asian Continental-ch Women 2019"]
[Site "XingTai"]
[Date "2019.06.13"]
[Round "7.21"]
[White "Munkhzul, Turmunkh"]
[Black "Karavade, Eesha"]
[Result "1-0"]
[WhiteElo "2371"]
[BlackElo "2370"]
[Annotator "TA"]
[PlyCount "163"]
[EventDate "2019.06.06"]
[EventType "swiss"]
[EventCountry "CHN"]
[SourceTitle "playchess.com"]
[Source "ChessBase"]
[SourceQuality "1"]

{[%evp 9,163,-12,0,-2,0,-4,0,-39,0,-3,-9,-7,-9,-21,-4,-14,10,0,0,0,10,7,14,13,9,9,18,7,14,0,0,3,2,0,45,15,11,2,6,9,4,10,0,-54,0,0,0,0,0,0,29,37,45,29,38,28,21,7,27,37,51,49,107,99,108,107,98,89,98,60,93,92,96,100,101,85,89,97,138,124,135,85,100,85,85,0,95,97,112,108,117,93,102,85,85,97,119,103,160,156,144,152,154,144,150,147,200,193,187,171,179,187,189,161,522,522,522,522,520,509,460,454,596,344,596,595,480,480,472,461,2074,1720,1337,1263,29969,29965,29973,29974,29974,29975,29976,29977,29977,29978,29978,29979,29979,29980,29980,29981,29981,29982,29982,29983,29983,29981]} 1. d4 d5 2. Bf4 Nf6 3. e3 e6 4. Nd2 Bd6 5. Bg3 O-O 6. Bd3 {D00: 1 d4 d5: Unusual lines} (6. Ngf3 b6 7. c3 c5 8. Bd3 Ba6 9. Bxa6 Nxa6 10. O-O Bxg3 11. hxg3 Qc7 12. Qe2 Nb8 13. e4 dxe4 14. Nxe4 Nbd7 {1-0 (55) Duda,J (2738)-Giri,A (2783) St Petersburg 2018}) 6... c5 7. c3 Qc7 8. f4 {The position is equal.} b6 $146 (8... b5 {seems wilder.} 9. Ngf3 c4 10. Bb1 Nbd7 11. O-O Bb7) ({Predecessor:} 8... cxd4 9. cxd4 Qb6 10. Rb1 Bd7 11. Qe2 Na6 12. a3 Rac8 {0-1 (28) Wehner,R (2274)-Lutz,B (2310) Baden 2018}) 9. Ngf3 Ba6 10. Bxa6 Nxa6 11. O-O Nb8 12. Bh4 Nfd7 13. Ne5 f6 14. Qg4 f5 15. Qh3 Nc6 16. Ndf3 Ndxe5 17. dxe5 Be7 18. Rad1 Rad8 19. g4 Bxh4 20. Qxh4 {aiming for Ng5!} Qf7 21. Rf2 Qg6 22. Rg2 (22. Qg5 {is interesting.} Qxg5 23. Nxg5 Rde8 24. gxf5 Rxf5 25. e4) 22... fxg4 23. Qxg4 Qxg4 24. Rxg4 h6 25. Kf2 Ne7 26. Nh4 {[#]} ({Better is} 26. Rdg1 $11 Rf7 27. h4) 26... Kh7 (26... d4 $1 $15 {[%mdl 512]} 27. cxd4 cxd4 28. Rxd4 Rxd4 29. exd4 h5) 27. Ke2 Rf7 28. Nf3 Nf5 29. h4 Rfd7 30. h5 Kg8 31. Rg6 Kf7 32. Rdg1 Rg8 33. Kd3 Rdd8 34. R6g4 Rd7 35. Nh4 {Nxf5 is the strong threat.} Nxh4 (35... Ne7 $1 $14) 36. Rxh4 $14 {[%mdl 4096] Endgame KRR-KRR} Re8 37. Rhg4 Kf8 38. Rg6 Rf7 39. R1g4 Rd7 40. a4 Rf7 41. Rg1 Ree7 42. R6g4 Rf5 43. Rh4 c4+ 44. Kd4 Rff7 45. Rg6 Re8 46. Rhg4 Ree7 47. Rh4 Re8 $1 48. Rg2 Rc8 49. Rg1 Rd8 50. Rhg4 Rdd7 51. Re1 Rf5 52. Rh4 Rc7 {[#]} 53. a5 $1 {[%mdl 512]} bxa5 ({Black should try} 53... Rc5) 54. Ra1 $16 Rb7 55. Rxa5 Rff7 56. Rh2 Rb6 57. Rf2 Rfb7 {[#]} (57... Ke8 $16 {keeps fighting.} 58. e4 dxe4) 58. f5 $1 $18 exf5 59. Kxd5 (59. Rxd5 $6 Rxb2 60. Rxf5+ Ke7 $14) 59... Ke7 60. Rg2 ({Don't do} 60. Kxc4 $6 Ke6 $16) ({Much less strong is} 60. Rxf5 $6 Rxb2 61. Ra6 (61. Kxc4 Rc7+ 62. Kd4 Rd2+ 63. Ke4 Rc2 $14) 61... R2b6 $14) 60... Kf7 61. Kxc4 Rxb2 $2 (61... Rc7+ 62. Kd3 Rd7+ 63. Kc2 Re7) 62. Rxb2 Rxb2 63. Rxa7+ {KR-KR} Ke6 64. Rxg7 Kxe5 65. Rg6 Ke4 66. Re6+ Kf3 67. Kd4 Rd2+ 68. Ke5 Kg4 69. Rxh6 Rd3 {[#]} (69... Re2 $142 70. Rg6+ Kxh5) 70. Rg6+ $1 Kxh5 71. Kxf5 Rxc3 72. Rg1 {[%cal Rg1h1] White mates.} Kh6 73. e4 Rf3+ 74. Ke6 Kh7 75. e5 Ra3 76. Kf6 Rf3+ 77. Ke7 Ra3 78. e6 Re3 79. Kf7 Rf3+ 80. Ke8 Re3 81. e7 Re2 82. Rg4 {Accuracy: White = 67%, Black = 49%.} 1-0